000 00309nam a22001337a 4500
020 _a0-7513-6906-3
082 _a030
_bDOR/T
100 _aDORLING KINDERSLEY
245 _aYOUR BODY
_bPICTUREPEDIA
260 _aLONDON
_bDK LIMITED
_c1993
300 _a48
650 _aENCYCLOPEDIA
_zUNITED KINGDOM
942 _cBK
999 _c2247
_d2247